[Event "Kurunegala op 11th"]
[Site "Kurunegala"]
[Date "2019.12.04"]
[Round "9"]
[White "Praveen, Prasad P"]
[Black "Jayathilaka, RRCL"]
[Result "1-0"]
[WhiteElo "2229"]
[BlackElo "1580"]
[PlyCount "89"]
[EventDate "2019.11.30"]
[EventType "swiss"]
[EventRounds "10"]
[EventCountry "SRI"]
[SourceTitle "CBM 193 Extra"]
[Source "ChessBase"]
[SourceDate "2020.01.31"]
[SourceVersion "1"]
[SourceVersionDate "2020.01.31"]
[SourceQuality "1"]

1. e4 c5 2. Nf3 g6 3. d4 cxd4 4. Qxd4 Nf6 5. c4 Nc6 6. Qd1 Bg7 7. Nc3 d6 8. h3 0-0 9. Be3 Be6 10. Rc1 Qa5 11. Nd2 a6 12. Be2 Nd7 13. a3 Rfc8 14. 0-0 Qd8 15. b4 Nd4 16. Nd5 b5 17. Bxd4 Bxd4 18. Nb1 Bxd5 19. exd5 Qb6 20. cxb5 axb5 21. Rxc8+ Rxc8 22. Qd3 Rb8 23. Kh1 Nf6 24. Rd1 Bxf2 25. Nc3 Rc8 26. Nxb5 h5 27. g3 Kg7 28. Kg2 h4 29. gxh4 Bxh4 30. Qd4 Qxd4 31. Rxd4 g5 32. Rc4 Rb8 33. Rd4 Rc8 34. Rc4 Rb8 35. Nc7 Nd7 36. Na6 Rb7 37. Kf1 Bg3 38. Bg4 Ne5 39. Rc7 Rb6 40. Be2 g4 41. hxg4 Nxg4 42. Rxe7 Kf6 43. Re8 Be5 44. Nb8 Rb7 45. Bxg4 1-0

[Event "Negambo op 4th"]
[Site "Negambo"]
[Date "2018.08.18"]
[Round "5"]
[White "Withanarachchi, WAPV"]
[Black "Jayathilaka, RRCL"]
[Result "0-1"]
[WhiteElo "1247"]
[BlackElo "1587"]
[PlyCount "76"]
[EventDate "2018.08.16"]
[EventType "swiss"]
[EventRounds "10"]
[EventCountry "SRI"]
[SourceTitle "CBM 186 Extra"]
[Source "ChessBase"]
[SourceDate "2018.08.24"]
[SourceVersion "1"]
[SourceVersionDate "2018.08.24"]
[SourceQuality "1"]

1. e4 c5 2. Nf3 g6 3. d4 cxd4 4. Nxd4 Nc6 5. Nc3 Bg7 6. Be3 Nf6 7. Bc4 0-0 8. 0-0 a6 9. a4 Qc7 10. Be2 Rd8 11. Nxc6 bxc6 12. Qc1 d5 13. exd5 Nxd5 14. Nxd5 cxd5 15. Bd3 e5 16. f3 Bb7 17. Rb1 Rac8 18. c3 Qa5 19. Ra1 d4 20. b4 Qb6 21. a5 Qa7 22. Bf2 Qa8 23. c4 f5 24. c5 e4 25. Bc4+ Kh8 26. Ra3 exf3 27. gxf3 Bxf3 28. Bh4 Bh1 29. Qg5 Re8 30. Rg3 d3 31. Qf6 Bd5 32. Rxg6 hxg6 33. Qg5 Bd4+ 34. Bf2 Bxf2+ 35. Kxf2 Re2+ 36. Kg3 Rg2+ 37. Kf4 Qb8+ 38. Ke3 Qe5+ 0-1

[Event "SRI-chB"]
[Site "Narahenpita"]
[Date "2017.05.20"]
[Round "7"]
[White "Jayathilaka, RRCL"]
[Black "Lamahewa, C."]
[Result "0-1"]
[WhiteElo "1601"]
[BlackElo "1864"]
[PlyCount "120"]
[EventDate "2017.05.12"]
[EventType "swiss"]
[EventRounds "10"]
[EventCountry "SRI"]
[SourceTitle "CBM 178 Extra"]
[Source "ChessBase"]
[SourceDate "2017.06.22"]
[SourceVersion "1"]
[SourceVersionDate "2017.06.22"]
[SourceQuality "1"]

1. Nf3 Nf6 2. d4 g6 3. Bf4 Bg7 4. e3 0-0 5. Be2 d6 6. h3 c5 7. c3 Qb6 8. Qb3 Be6 9. Qxb6 axb6 10. Na3 Nd5 11. Kd2 Nxf4 12. exf4 Nc6 13. Ke3 Bd5 14. dxc5 bxc5 15. Nc4 Ra7 16. Rhd1 Be6 17. Ng5 Bh6 18. a3 b5 19. Nd2 Bxg5 20. fxg5 Rb8 21. h4 Ne5 22. h5 Nc4+ 23. Nxc4 bxc4 24. Rd2 Rab7 25. a4 gxh5 26. Bxh5 Rxb2 27. Rxb2 Rxb2 28. Ra3 Rb3 29. Rxb3 cxb3 30. Kd2 b2 31. Kc2 Bb3+ 32. Kxb2 Bxa4 33. c4 Kg7 34. Kc3 Bc6 35. g3 Be4 36. Kd2 Bg6 37. Bf3 Bb1 38. Bh5 Bf5 39. Ke3 Be6 40. Kd3 h6 41. gxh6+ Kxh6 42. Be2 Bc8 43. Ke4 Kg6 44. g4 Ba6 45. f4 e6 46. f5+ Kg5 47. fxe6 fxe6 48. Ke3 Bb7 49. Bd1 Bg2 50. Kf2 Bh3 51. Kg3 Bf1 52. Bb3 Be2 53. Kf2 Bxg4 54. Ke3 Kf5 55. Ba4 Ke5 56. Bb5 Bd1 57. Kd2 Bh5 58. Kc3 Bg6 59. Bd7 Bf5 60. Bc6 Kf4 0-1

[Event "SRI-chB"]
[Site "Narahenpita"]
[Date "2017.05.19"]
[Round "6"]
[White "Pallie, Tuan Ehshan"]
[Black "Jayathilaka, RRCL"]
[Result "1/2-1/2"]
[WhiteElo "1703"]
[BlackElo "1601"]
[PlyCount "41"]
[EventDate "2017.05.12"]
[EventType "swiss"]
[EventRounds "10"]
[EventCountry "SRI"]
[SourceTitle "CBM 178 Extra"]
[Source "ChessBase"]
[SourceDate "2017.06.22"]
[SourceVersion "1"]
[SourceVersionDate "2017.06.22"]
[SourceQuality "1"]

1. e4 c5 2. Nf3 g6 3. d4 cxd4 4. Nxd4 Nc6 5. Nc3 Bg7 6. Be3 Nf6 7. Nxc6 bxc6 8. e5 Ng8 9. f4 Nh6 10. Bd3 d6 11. Be4 d5 12. Nxd5 cxd5 13. Qxd5 Qxd5 14. Bxd5 Rb8 15. Bxa7 Rxb2 16. Bc6+ Kf8 17. 0-0-0 Bxe5 18. fxe5 Rxa2 19. Bd4 Be6 20. Bb2 Kg7 21. Bd5 1/2-1/2

[Event "SRI-chB"]
[Site "Narahenpita"]
[Date "2017.05.12"]
[Round "1"]
[White "Wijekoon, Chandana"]
[Black "Jayathilaka, RRCL"]
[Result "1-0"]
[WhiteElo "1906"]
[BlackElo "1601"]
[PlyCount "56"]
[EventDate "2017.05.12"]
[EventType "swiss"]
[EventRounds "10"]
[EventCountry "SRI"]
[SourceTitle "CBM 178 Extra"]
[Source "ChessBase"]
[SourceDate "2017.06.22"]
[SourceVersion "1"]
[SourceVersionDate "2017.06.22"]
[SourceQuality "1"]

1. e4 c5 2. Nf3 g6 3. d4 cxd4 4. Nxd4 Nc6 5. Nc3 Bg7 6. Nde2 Nf6 7. g3 b6 8. Bg2 Bb7 9. 0-0 0-0 10. h3 d6 11. Bg5 h6 12. Be3 Rc8 13. Qd2 Kh7 14. Rac1 Ne5 15. b3 Qd7 16. Nd5 Nxd5 17. exd5 Qc7 18. c4 e6 19. Nc3 Qe7 20. Rfd1 exd5 21. Nxd5 Bxd5 22. Qxd5 Rfd8 23. Re1 Qc7 24. Rcd1 Qc6 25. f4 Qxd5 26. Bxd5 Nc6 27. Bxf7 Nb4 28. Bd2 Nd3 1-0